| 000 | 00973cam a22003015a 4500 | ||
|---|---|---|---|
| 003 | EG-ScBUE | ||
| 005 | 20220511102037.0 | ||
| 008 | 180829s2005 enk f b 001 0 eng d | ||
| 020 | _a0582369967 | ||
| 020 | _a9780582369962 | ||
| 040 |
_aEG-ScBUE _beng _erda _cEG-ScBUE _dEG-ScBUE |
||
| 082 | 0 | 4 |
_a427 _bDAV _222 |
| 100 | 1 | 0 |
_aDavies, Diane, _eauthor. |
| 245 | 1 | 0 |
_aVarieties of modern English : _ban introduction / _cDiane Davies. |
| 264 | 1 |
_aHarlow : _bPearson Education Limited, _c2005. |
|
| 300 |
_axi, 172 pages ; _c24 cm. |
||
| 336 |
_2rdacontent _atext _btxt |
||
| 337 |
_2rdamedia _aunmediated _bn |
||
| 338 |
_2rdacarrier _avolume _bnc |
||
| 490 | 0 | _aLearning about language | |
| 504 | _aIncludes bibliographical references and index. | ||
| 650 | 7 |
_aEnglish language _xVariation. _2BUEsh |
|
| 650 | 7 |
_aEnglish language _xUsage. _2BUEsh |
|
| 651 | _2BUEsh | ||
| 653 |
_bHHUUEENN _cSeptember2018 |
||
| 655 |
_vReading book _934232 |
||
| 942 |
_2ddc _cBB |
||
| 999 |
_c1468 _d1468 |
||